[Event "FICGS rapid B 000294 email"]
[Site "FICGS email"]
[Date "2018.09.04"]
[Round "1"]
[White "Skwarczylo, Marek"]
[Black "Vollmer, Steve"]
[Result "1-0"]
[WhiteElo "2069"]
[BlackElo "1792"]
[PlyCount "65"]
[EventDate "2018.??.??"]
[EventType "tourn (rapid)"]
[EventRounds "6"]
[SourceTitle "Corr 2022"]
[Source "ChessBase"]
[SourceDate "2021.10.24"]
[SourceVersion "1"]
[SourceVersionDate "2021.10.24"]
[SourceQuality "1"]

1. d4 Nf6 2. Nf3 g6 3. c4 Bg7 4. Nc3 0-0 5. e4 d6 6. Be2 c5 7. 0-0 cxd4 8. Nxd4 Nc6 9. Nc2 Be6 10. Bd2 Qd7 11. Rb1 Rac8 12. b3 Ne8 13. Nd5 f5 14. Nf4 Bf7 15. exf5 gxf5 16. Nh5 Bh8 17. Bh6 Ng7 18. Nf4 e5 19. Nd5 Qe6 20. Bg5 Ne8 21. Nce3 Nf6 22. Nxf5 Qxf5 23. Bxf6 Bxf6 24. Bg4 Qg5 25. Nxf6+ Qxf6 26. Bxc8 Bg6 27. Bxb7 Nd4 28. Rb2 h5 29. Bd5+ Kg7 30. Rd2 Qf4 31. g3 Qh6 32. Rxd4 exd4 33. Qxd4+ 1-0

[Event "FICGS rapid A 000215 email"]
[Site "FICGS email"]
[Date "2018.04.24"]
[Round "1"]
[White "Kerr, Graham"]
[Black "Skwarczylo, Marek"]
[Result "1/2-1/2"]
[WhiteElo "2000"]
[BlackElo "2059"]
[PlyCount "83"]
[EventDate "2018.??.??"]
[EventType "tourn (rapid)"]
[EventRounds "6"]
[SourceTitle "Corr 2022"]
[Source "ChessBase"]
[SourceDate "2021.10.24"]
[SourceVersion "1"]
[SourceVersionDate "2021.10.24"]
[SourceQuality "1"]

1. e4 c5 2. Nf3 Nc6 3. d4 cxd4 4. Nxd4 Nf6 5. Nc3 e5 6. Ndb5 d6 7. Bg5 a6 8. Na3 b5 9. Bxf6 gxf6 10. Nd5 f5 11. Bd3 Be6 12. 0-0 Bxd5 13. exd5 Ne7 14. c3 Bg7 15. Qh5 e4 16. Bc2 Rc8 17. Rae1 Qa5 18. Bb3 Bxc3 19. bxc3 Qxa3 20. f3 Rxc3 21. fxe4 f4 22. Qh6 Ng6 23. Qg7 Qc5+ 24. Kh1 Rf8 25. Qf6 f3 26. Rxf3 Rxf3 27. Qxf3 Ne5 28. Qh3 Qf2 29. Qc8+ Ke7 30. Qc7+ Nd7 31. Rg1 f6 32. Qa5 Qb6 33. Qc3 Qf2 34. Bd1 Nc5 35. Qh3 Qf4 36. Qxh7+ Rf7 37. Qg6 Nd3 38. g3 Nf2+ 39. Kg2 Qd2 40. Bh5 Nxe4+ 41. Kh1 Nf2+ 42. Kg2 1/2-1/2

[Event "FICGS W-ch st2 g02 email"]
[Site "FICGS email"]
[Date "2018.02.01"]
[Round "1"]
[White "Skwarczylo, Marek"]
[Black "Maceda, Coco"]
[Result "0-1"]
[WhiteElo "2029"]
[BlackElo "1981"]
[PlyCount "88"]
[EventDate "2018.??.??"]
[EventType "tourn (corr)"]
[EventRounds "8"]
[SourceTitle "Corr 2022"]
[Source "ChessBase"]
[SourceDate "2021.10.24"]
[SourceVersion "1"]
[SourceVersionDate "2021.10.24"]
[SourceQuality "1"]

1. d4 d5 2. c4 c6 3. Nf3 Nf6 4. e3 e6 5. Nc3 Nbd7 6. Bd2 Bd6 7. Rc1 0-0 8. Bd3 dxc4 9. Bxc4 e5 10. 0-0 h6 11. Qc2 Re8 12. dxe5 Nxe5 13. Nxe5 Bxe5 14. f4 Bc7 15. Rce1 b5 16. Bd3 Bb6 17. Kh1 a6 18. a3 Ra7 19. Bc1 Rae7 20. Rd1 Rd7 21. Qe2 c5 22. Bf5 Rxd1 23. Rxd1 Qc7 24. Bxc8 Qxc8 25. Nd5 Nxd5 26. Rxd5 c4 27. h3 Qc6 28. Qf3 Qg6 29. Kh2 Qc2 30. Rd1 Re6 31. Rf1 a5 32. Re1 Rd6 33. Rf1 b4 34. axb4 axb4 35. Qb7 Re6 36. Qc8+ Kh7 37. Qd7 Rg6 38. Qd2 Qe4 39. f5 Bc7+ 40. Kg1 Rb6 41. f6 Be5 42. fxg7 Kxg7 43. b3 c3 44. Qd7 Rf6 0-1

[Event "FICGS rapid A 000203 email"]
[Site "FICGS email"]
[Date "2017.09.02"]
[Round "1"]
[White "Pareschi, Remo"]
[Black "Skwarczylo, Marek"]
[Result "0-1"]
[WhiteElo "1988"]
[BlackElo "2036"]
[PlyCount "118"]
[EventDate "2017.??.??"]
[EventType "tourn (rapid)"]
[EventRounds "6"]
[SourceTitle "Corr 2022"]
[Source "ChessBase"]
[SourceDate "2021.10.24"]
[SourceVersion "1"]
[SourceVersionDate "2021.10.24"]
[SourceQuality "1"]

1. d4 d5 2. Bf4 Bf5 3. Nf3 e6 4. e3 Nf6 5. Bg3 Be7 6. c4 c6 7. Nc3 0-0 8. c5 Nbd7 9. b4 b6 10. a3 Nh5 11. Ne5 Nxe5 12. Bxe5 Nf6 13. Bg3 a5 14. Be2 axb4 15. axb4 bxc5 16. bxc5 Nd7 17. 0-0 e5 18. Qd2 Re8 19. Bd3 Bxd3 20. Qxd3 Bf6 21. Rfc1 h5 22. h3 h4 23. Bh2 exd4 24. exd4 Nf8 25. Bd6 Ne6 26. Ne2 g6 27. Rcb1 Ng7 28. Bf4 Nf5 29. Bd2 Rc8 30. Bc3 Re4 31. Rb7 Qe8 32. Rb2 Rc7 33. Ra4 Rce7 34. Kf1 Kh7 35. Rab4 Qc8 36. Qd1 Bg7 37. Rd2 Bh6 38. Rdb2 Qe6 39. Ng1 Re3 40. R4b3 Qe4 41. Nf3 Rd3 42. Qe2 Ra7 43. Qe1 Rxf3 44. Qxe4 Rxc3 45. Qg4 Rc1+ 46. Ke2 Re7+ 47. Kd3 Ree1 48. Rb7 Red1+ 49. Qxd1 Rxd1+ 50. Ke2 Rg1 51. Rxf7+ Bg7 52. Rb4 Kh6 53. Rb6 Rxg2 54. Rxc6 Nxd4+ 55. Kf1 Rh2 56. Rd6 Rxh3 57. Rxd5 Rd3 58. Kg2 h3+ 59. Kh1 Rd1+ 0-1

[Event "FICGS rapid A 000203 email"]
[Site "FICGS email"]
[Date "2017.09.02"]
[Round "1"]
[White "Sorbi, Luca"]
[Black "Skwarczylo, Marek"]
[Result "1/2-1/2"]
[WhiteElo "2050"]
[BlackElo "2036"]
[PlyCount "77"]
[EventDate "2017.??.??"]
[EventType "tourn (rapid)"]
[EventRounds "6"]
[SourceTitle "Corr 2022"]
[Source "ChessBase"]
[SourceDate "2021.10.24"]
[SourceVersion "1"]
[SourceVersionDate "2021.10.24"]
[SourceQuality "1"]

1. e4 Nf6 2. e5 Nd5 3. d4 d6 4. Nf3 Bg4 5. Be2 e6 6. 0-0 Be7 7. c4 Nb6 8. Nc3 0-0 9. Be3 Nc6 10. exd6 cxd6 11. d5 exd5 12. Nxd5 Nxd5 13. Qxd5 Be6 14. Qb5 Qc7 15. Nd4 Nxd4 16. Bxd4 a6 17. Qb3 Rac8 18. Qc3 g6 19. Rac1 Bg5 20. f4 Bh6 21. Qd2 Rfe8 22. Bf3 Qd7 23. b3 b5 24. cxb5 axb5 25. h3 d5 26. Be5 Bg7 27. Bxg7 Kxg7 28. Rcd1 f6 29. Rf2 Qd6 30. g4 b4 31. Qd4 Rc3 32. Re1 Bf7 33. Rxe8 Bxe8 34. g5 Bf7 35. Kg2 h5 36. Be2 Kh7 37. gxf6 Rc6 38. Bd3 Qxf6 39. Qxf6 1/2-1/2

[Event "FICGS W-ch st1 g07 email"]
[Site "FICGS email"]
[Date "2017.07.01"]
[Round "1"]
[White "Skwarczylo, Marek"]
[Black "Rodriguez Perez, Rene"]
[Result "1-0"]
[WhiteElo "2033"]
[BlackElo "1910"]
[PlyCount "117"]
[EventDate "2017.??.??"]
[EventType "tourn (corr)"]
[EventRounds "8"]
[SourceTitle "Corr 2022"]
[Source "ChessBase"]
[SourceDate "2021.10.24"]
[SourceVersion "1"]
[SourceVersionDate "2021.10.24"]
[SourceQuality "1"]

1. d4 e6 2. c4 d5 3. Nf3 Nf6 4. Nc3 Be7 5. Bf4 0-0 6. e3 c5 7. dxc5 Bxc5 8. a3 Nc6 9. Qc2 Qa5 10. Rd1 Be7 11. Be2 dxc4 12. Bxc4 e5 13. Bg3 Bg4 14. 0-0 Rac8 15. Nd5 b5 16. Ng5 g6 17. Be2 Nd4 18. Nxe7+ Kg7 19. Bxe5 Rxc2 20. Rxd4 Rc5 21. Bxf6+ Kxf6 22. Nxh7+ Kxe7 23. Bxg4 Qc7 24. Rfd1 f5 25. Nxf8 Kxf8 26. Be2 a6 27. Rd7 Qe5 28. Bf1 Qxb2 29. Ra7 Ke8 30. Rxa6 Qb3 31. Rad6 Rc7 32. R6d3 Qb2 33. Rd5 Rc1 34. Rxc1 Qxc1 35. Rxb5 Qxa3 36. g3 Qc1 37. h4 Qd1 38. Rb4 Kf7 39. Rf4 Kg7 40. Kg2 Qd5+ 41. Kh2 Qc5 42. Be2 Qc2 43. Bc4 Qb1 44. Rd4 Kf6 45. Kg2 Qb6 46. Be2 Kg7 47. Bf3 Qe6 48. Rb4 Kh6 49. Rb2 Qa6 50. Rc2 Qd3 51. Rc6 Kg7 52. h5 gxh5 53. Bxh5 Qb5 54. Bf3 Qb4 55. Rc7+ Kf6 56. Rd7 Kg5 57. Rd4 Qb6 58. Rf4 Qb8 59. Kg1 1-0

[Event "FICGS W-ch st1 g07 email"]
[Site "FICGS email"]
[Date "2017.07.01"]
[Round "1"]
[White "Teverovski, Bogoljub"]
[Black "Skwarczylo, Marek"]
[Result "1/2-1/2"]
[WhiteElo "2096"]
[BlackElo "2033"]
[PlyCount "55"]
[EventDate "2017.??.??"]
[EventType "tourn (corr)"]
[EventRounds "8"]
[SourceTitle "Corr 2022"]
[Source "ChessBase"]
[SourceDate "2021.10.24"]
[SourceVersion "1"]
[SourceVersionDate "2021.10.24"]
[SourceQuality "1"]

1. Nf3 b6 2. c4 Bb7 3. Nc3 Nf6 4. d4 e6 5. a3 d5 6. cxd5 Nxd5 7. Qc2 Nxc3 8. bxc3 Be7 9. e4 0-0 10. Bd3 c5 11. 0-0 h6 12. Qe2 Nc6 13. Bb2 Re8 14. Rad1 Bf8 15. Qd2 Na5 16. Ne5 Qc7 17. f4 Nc6 18. Rf3 Nxe5 19. fxe5 Rad8 20. Rg3 g6 21. Qe2 Rd7 22. Rf1 Bg7 23. Rgf3 Bc6 24. R3f2 Red8 25. Ba6 Qb8 26. Bd3 b5 27. Qg4 Qb6 28. Kh1 1/2-1/2

[Event "FICGS class A 000177 email"]
[Site "FICGS email"]
[Date "2017.03.25"]
[Round "1"]
[White "Cirulis, Ilmars"]
[Black "Skwarczylo, Marek"]
[Result "1/2-1/2"]
[WhiteElo "2055"]
[BlackElo "2057"]
[PlyCount "88"]
[EventDate "2017.??.??"]
[EventType "tourn (corr)"]
[EventRounds "6"]
[SourceTitle "Corr 2022"]
[Source "ChessBase"]
[SourceDate "2021.10.24"]
[SourceVersion "1"]
[SourceVersionDate "2021.10.24"]
[SourceQuality "1"]

1. b4 e5 2. a3 d5 3. Bb2 Bd6 4. Nf3 Nd7 5. e3 Ngf6 6. d4 exd4 7. Bxd4 0-0 8. Be2 c6 9. 0-0 Qe7 10. Nbd2 a5 11. bxa5 Rxa5 12. c4 Rxa3 13. cxd5 cxd5 14. Rxa3 Bxa3 15. Qc2 Bd6 16. Rc1 Rd8 17. Nf1 Ne4 18. N1d2 Nf8 19. Nxe4 dxe4 20. Nd2 Bf5 21. Nc4 Bc5 22. Bc3 b6 23. Rb1 Nd7 24. Qb2 f6 25. Nd2 Bg6 26. Nb3 Ba3 27. Qc2 Rc8 28. Nd4 h5 29. Ba6 Rf8 30. Qb3+ Bf7 31. Bc4 Bxc4 32. Qxc4+ Qf7 33. Qa4 Bc5 34. Ne2 f5 35. h4 Nf6 36. Bxf6 Qxf6 37. Nf4 Kh7 38. g3 Kh6 39. Kg2 Rd8 40. Qa2 Rd7 41. Nh3 g6 42. Ng5 Qg7 43. Qa8 Ra7 44. Qe8 Re7 1/2-1/2

[Event "FICGS rapid A 000168 email"]
[Site "FICGS email"]
[Date "2014.10.15"]
[Round "1"]
[White "Daanen, Aard"]
[Black "Skwarczylo, Marek"]
[Result "1/2-1/2"]
[WhiteElo "2053"]
[BlackElo "2029"]
[PlyCount "91"]
[EventDate "2014.??.??"]
[EventType "tourn (rapid)"]
[EventRounds "6"]
[SourceTitle "Corr 2022"]
[Source "ChessBase"]
[SourceDate "2021.10.24"]
[SourceVersion "1"]
[SourceVersionDate "2021.10.24"]
[SourceQuality "1"]

1. d4 d5 2. c4 e6 3. Nc3 Nf6 4. Bg5 Nbd7 5. e3 c6 6. Nf3 Qa5 7. cxd5 Nxd5 8. Qd2 Bb4 9. Rc1 Nxc3 10. bxc3 Ba3 11. Rb1 0-0 12. Bd3 h6 13. Bf4 b6 14. 0-0 Ba6 15. Rfd1 Bxd3 16. Qxd3 Be7 17. c4 Rac8 18. e4 Rfd8 19. Qc2 Qa6 20. a4 Nf8 21. g3 Ng6 22. Bd2 e5 23. dxe5 Bc5 24. a5 Re8 25. axb6 axb6 26. Qc3 Rcd8 27. Ra1 Qb7 28. Be3 Bxe3 29. Qxe3 Rxd1+ 30. Rxd1 Qc7 31. c5 b5 32. Rd6 Nxe5 33. Nxe5 Rxe5 34. h4 Re8 35. e5 b4 36. Qd4 b3 37. e6 Rxe6 38. Rd8+ Kh7 39. Qd3+ g6 40. Rd7 Qe5 41. Rxf7+ Kg8 42. Qf3 b2 43. Rb7 Re7 44. Qb3+ Kh7 45. Qxb2 Qxc5 46. Rb8 1/2-1/2

[Event "FICGS class A 000156 email"]
[Site "FICGS email"]
[Date "2014.10.15"]
[Round "1"]
[White "Ortiz, Clodomiro"]
[Black "Skwarczylo, Marek"]
[Result "1-0"]
[WhiteElo "2029"]
[BlackElo "2029"]
[PlyCount "85"]
[EventDate "2014.??.??"]
[EventType "tourn (corr)"]
[EventRounds "6"]
[SourceTitle "Corr 2022"]
[Source "ChessBase"]
[SourceDate "2021.10.24"]
[SourceVersion "1"]
[SourceVersionDate "2021.10.24"]
[SourceQuality "1"]

1. c4 e5 2. Nc3 Nf6 3. g3 d5 4. cxd5 Nxd5 5. Bg2 Nb6 6. Nf3 Nc6 7. 0-0 Be7 8. d3 0-0 9. Be3 Be6 10. a3 f5 11. Rc1 Bf6 12. Bc5 Rf7 13. e4 f4 14. gxf4 Rd7 15. fxe5 Nxe5 16. Nxe5 Bxe5 17. Qh5 Bf4 18. Be3 Bxe3 19. fxe3 Rxd3 20. Nb5 Rd7 21. Nd4 Qe8 22. Qe5 Bc4 23. Rf5 c6 24. Qg3 Kh8 25. a4 Bd3 26. a5 Nc4 27. a6 b6 28. b3 Na5 29. b4 Nc4 30. Rc3 Bxe4 31. Rxc4 Rxd4 32. Rxd4 Bxf5 33. b5 Qe7 34. bxc6 h6 35. Rd5 Rf8 36. Qe5 Qb4 37. Rd1 Bc8 38. h3 Qh4 39. Rd4 Qf6 40. Qxf6 gxf6 41. c7 Bxa6 42. Rd8 Kg7 43. Bf3 1-0

[Event "FICGS class A 000156 email"]
[Site "FICGS email"]
[Date "2014.10.15"]
[Round "1"]
[White "Permykov, Andrey"]
[Black "Skwarczylo, Marek"]
[Result "1/2-1/2"]
[WhiteElo "2095"]
[BlackElo "2029"]
[PlyCount "100"]
[EventDate "2014.??.??"]
[EventType "tourn (corr)"]
[EventRounds "6"]
[SourceTitle "Corr 2022"]
[Source "ChessBase"]
[SourceDate "2021.10.24"]
[SourceVersion "1"]
[SourceVersionDate "2021.10.24"]
[SourceQuality "1"]

1. e4 c5 2. Nf3 Nc6 3. Nc3 g6 4. d4 cxd4 5. Nxd4 Bg7 6. Be3 Nf6 7. Bc4 0-0 8. Bb3 d6 9. f3 Bd7 10. Qd2 Nxd4 11. Bxd4 b5 12. h4 a5 13. h5 a4 14. Bd5 b4 15. Bxf6 exf6 16. Ne2 Ra5 17. Rd1 f5 18. Qxb4 Qc7 19. Qd2 fxe4 20. fxe4 Rc5 21. c3 Bc6 22. Bxc6 Rxc6 23. h6 Be5 24. 0-0 Rc4 25. Qd3 Re8 26. g3 Qc6 27. Qf3 f6 28. Nd4 Qc8 29. a3 Qh3 30. Qd3 Qxg3+ 31. Qxg3 Bxg3 32. Rxf6 Be5 33. Re6 Rb8 34. Rf1 Rc7 35. Rf2 Rf7 36. Nc6 Rxf2 37. Kxf2 Rxb2+ 38. Kf3 Kf7 39. Re7+ Kf6 40. Rxh7 Bxc3 41. Rd7 Kg5 42. h7 Rh2 43. Nd8 Rh3+ 44. Kg2 Kg4 45. Ra7 g5 46. Nc6 Be5 47. Nxe5+ dxe5 48. Rg7 Rg3+ 49. Kf2 Rf3+ 50. Kg2 Rg3+ 1/2-1/2

[Event "FICGS rapid A 000162 email"]
[Site "FICGS email"]
[Date "2014.06.18"]
[Round "1"]
[White "Llull, Roger"]
[Black "Skwarczylo, Marek"]
[Result "1-0"]
[WhiteElo "2000"]
[BlackElo "2009"]
[PlyCount "75"]
[EventDate "2014.??.??"]
[EventType "tourn (rapid)"]
[EventRounds "6"]
[SourceTitle "Corr 2022"]
[Source "ChessBase"]
[SourceDate "2021.10.24"]
[SourceVersion "1"]
[SourceVersionDate "2021.10.24"]
[SourceQuality "1"]

1. b3 e5 2. Bb2 Nc6 3. e3 Nf6 4. Bb5 e4 5. Ne2 a6 6. Bxc6 dxc6 7. d4 h5 8. c4 h4 9. h3 Nh5 10. Qc2 Bf5 11. Ba3 Bxa3 12. Nxa3 Qg5 13. Rg1 Bg6 14. 0-0-0 c5 15. Qd2 cxd4 16. exd4 Qf6 17. Nc2 0-0-0 18. Kb2 Rhe8 19. Qe3 Qf5 20. Rh1 Nf6 21. g4 hxg3 22. fxg3 Qa5 23. g4 b5 24. g5 Ng8 25. c5 c6 26. d5 cxd5 27. c6 Qc7 28. a4 bxa4 29. Ra1 Ne7 30. Ncd4 Qb6 31. Rhc1 Rd6 32. Qc3 Kc7 33. Rxa4 Rb8 34. Qg3 Nf5 35. Qe5 f6 36. gxf6 gxf6 37. Qf4 Nxd4 38. Nxd4 1-0

[Event "FICGS rapid A 000162 email"]
[Site "FICGS email"]
[Date "2014.06.18"]
[Round "1"]
[White "Skwarczylo, Marek"]
[Black "Zemlyanov, Sergey Mikhailovich"]
[Result "1-0"]
[WhiteElo "2009"]
[BlackElo "1918"]
[PlyCount "39"]
[EventDate "2014.??.??"]
[EventType "tourn (rapid)"]
[EventRounds "6"]
[SourceTitle "Corr 2022"]
[Source "ChessBase"]
[SourceDate "2021.10.24"]
[SourceVersion "1"]
[SourceVersionDate "2021.10.24"]
[SourceQuality "1"]

1. d4 d5 2. c4 c6 3. Nf3 Nf6 4. e3 e6 5. Bd3 dxc4 6. Bxc4 c5 7. Qe2 a6 8. 0-0 b5 9. Bd3 cxd4 10. exd4 Be7 11. a4 bxa4 12. Nc3 Nc6 13. Be3 0-0 14. Nxa4 Bb7 15. Rfd1 Nb4 16. Bc4 Rc8 17. Ne5 Qd6 18. Bg5 h6 19. Bf4 Nfd5 20. Bg3 1-0

[Event "FICGS rapid A 000156 email"]
[Site "FICGS email"]
[Date "2014.01.24"]
[Round "1"]
[White "Riha, Josef"]
[Black "Skwarczylo, Marek"]
[Result "1/2-1/2"]
[WhiteElo "1974"]
[BlackElo "1941"]
[PlyCount "146"]
[EventDate "2014.??.??"]
[EventType "tourn (rapid)"]
[EventRounds "6"]
[SourceTitle "Corr 2022"]
[Source "ChessBase"]
[SourceDate "2021.10.24"]
[SourceVersion "1"]
[SourceVersionDate "2021.10.24"]
[SourceQuality "1"]

1. e4 c5 2. Nf3 Nc6 3. d4 cxd4 4. Nxd4 Nf6 5. Nc3 e5 6. Ndb5 d6 7. Bg5 a6 8. Na3 b5 9. Nd5 Be7 10. Nxe7 Nxe7 11. Bd3 Bb7 12. Qe2 Nd7 13. c4 b4 14. Nc2 a5 15. 0-0 f6 16. Be3 Nc5 17. a3 Nxd3 18. Qxd3 b3 19. Ne1 0-0 20. Nf3 a4 21. Rfd1 Rc8 22. Rac1 Ba6 23. Qxd6 Qxd6 24. Rxd6 Bxc4 25. Ne1 Bb5 26. Rcd1 Kf7 27. f3 h5 28. Kf2 h4 29. Rb6 Rb8 30. Rdd6 Rxb6 31. Rxb6 Bc6 32. Nd3 Rc8 33. Nb4 Bd7 34. Rb7 Ke6 35. Ke1 Rc4 36. Rb6+ Kf7 37. Bd2 Nc8 38. Rb7 Ke6 39. Kf2 g5 40. h3 Nd6 41. Ra7 Nc8 42. Ra8 Nd6 43. Rh8 Be8 44. Rh7 Nb5 45. Nd5 Rc2 46. Re7+ Kd6 47. Ke3 Bd7 48. Bb4+ Kc6 49. Nxf6 Bc8 50. Rxe5 Nc7 51. Rxg5 Rxb2 52. Rc5+ Kb6 53. Rc4 Rxg2 54. Bd6 Na6 55. Nd5+ Kb7 56. Rc1 Bxh3 57. Rh1 Rc2 58. Be5 Bd7 59. f4 Bc6 60. f5 Bxd5 61. exd5 Nc7 62. d6 Nd5+ 63. Kd3 Nb6 64. Rxh4 Kc6 65. f6 Nd7 66. Bd4 Ra2 67. f7 Rxa3 68. Bb2 Ra2 69. Rc4+ Kd5 70. Rc7 Rxb2 71. Rxd7 Rf2 72. Ke3 Rf1 73. Ra7 Kxd6 1/2-1/2

[Event "FICGS rapid A 000152 email"]
[Site "FICGS email"]
[Date "2013.11.28"]
[Round "1"]
[White "Skwarczylo, Marek"]
[Black "Riha, Josef"]
[Result "1-0"]
[WhiteElo "1941"]
[BlackElo "1974"]
[PlyCount "57"]
[EventDate "2013.??.??"]
[EventType "tourn (rapid)"]
[EventRounds "6"]
[SourceTitle "Corr 2022"]
[Source "ChessBase"]
[SourceDate "2021.10.24"]
[SourceVersion "1"]
[SourceVersionDate "2021.10.24"]
[SourceQuality "1"]

1. d4 Nf6 2. Nf3 e6 3. c4 b6 4. a3 Bb7 5. Nc3 d5 6. Bf4 dxc4 7. e3 Nd5 8. Bxc4 Nxf4 9. exf4 Bd6 10. g3 0-0 11. 0-0 Nd7 12. Qe2 a6 13. Rad1 Nf6 14. Rfe1 Ra7 15. Ne5 Qa8 16. Qc2 Bh1 17. Bf1 g6 18. h4 b5 19. Rc1 Rc8 20. Qd3 Bb7 21. Bh3 Rd8 22. Qe2 Kg7 23. Nd1 Rc8 24. Ne3 h5 25. f5 exf5 26. Nxf5+ gxf5 27. Qd2 Nh7 28. Nxf7 Kxf7 29. Qh6 1-0

[Event "FICGS class C 000188 email"]
[Site "FICGS email"]
[Date "2013.04.18"]
[Round "1"]
[White "Louro, Eugenio Diogo"]
[Black "Skwarczylo, Marek"]
[Result "0-1"]
[WhiteElo "1898"]
[BlackElo "1902"]
[PlyCount "36"]
[EventDate "2013.??.??"]
[EventType "tourn (corr)"]
[EventRounds "1"]
[SourceTitle "Corr 2022"]
[Source "ChessBase"]
[SourceDate "2021.10.24"]
[SourceVersion "1"]
[SourceVersionDate "2021.10.24"]
[SourceQuality "1"]

1. d4 Nf6 2. c4 g6 3. Nc3 Bg7 4. e4 0-0 5. Nf3 d6 6. h3 e5 7. d5 Nbd7 8. Bd3 Nh5 9. Be3 Nf4 10. 0-0 Nxd3 11. Qxd3 f5 12. exf5 gxf5 13. Qc2 f4 14. Bd2 Nc5 15. Rad1 Bf5 16. Qc1 Nd3 17. Qa1 e4 18. Ne1 Qg5 0-1

[Event "FICGS class C 000188 email"]
[Site "FICGS email"]
[Date "2013.04.18"]
[Round "1"]
[White "Skwarczylo, Marek"]
[Black "Sorcinelli, Andrea"]
[Result "1/2-1/2"]
[WhiteElo "1902"]
[BlackElo "1867"]
[PlyCount "58"]
[EventDate "2013.??.??"]
[EventType "tourn (corr)"]
[EventRounds "1"]
[SourceTitle "Corr 2022"]
[Source "ChessBase"]
[SourceDate "2021.10.24"]
[SourceVersion "1"]
[SourceVersionDate "2021.10.24"]
[SourceQuality "1"]

1. d4 d5 2. c4 c6 3. e3 Nf6 4. Nc3 e6 5. Nf3 Nbd7 6. Qc2 Bd6 7. g4 h6 8. Bd2 dxc4 9. Bxc4 b5 10. Be2 Bb7 11. e4 Be7 12. e5 b4 13. Na4 Nd5 14. 0-0 h5 15. g5 0-0 16. Nc5 Nxc5 17. dxc5 a5 18. a3 g6 19. Rfc1 Qc7 20. Qe4 Rfb8 21. b3 Qd8 22. Nd4 Qd7 23. Bf1 Nc7 24. h4 Rd8 25. Nf3 Qd5 26. Qxd5 Nxd5 27. Kh2 Bf8 28. Kg3 Kh7 29. Be2 Be7 1/2-1/2